Statistics for Classical Languages

Click here to take the quiz!

General Stats

  • This quiz has been taken 55 times
  • The average score is 21 of 40

Answer Stats

GroupAnswer% Correct
Middle AgesClassical Middle {High} {German}
96%
Middle AgesClassical Old {English}
96%
Early ModernClassical {Spanish}
96%
AntiquityClassical {Greek}
94%
AntiquityClassical {Latin}
92%
Middle AgesClassical {Arabic}
90%
AntiquityClassical {Chinese}
90%
Middle AgesClassical {French}
90%
Middle AgesClassical {Japanese}
83%
Early ModernClassical {Ottoman} {Turkish}
83%
Pre-Columbian AmericasClassical {Nahuatl}
79%
Middle AgesClassical {Persian}
79%
Pre-Columbian AmericasClassical {Maya}
73%
AntiquityClassical {Sanskrit}
71%
AntiquityClassical {Hebrew}
69%
Middle AgesClassical {Gaelic}
63%
AntiquityClassical {Egyptian}
60%
Middle AgesClassical {Malay}
58%
Pre-Columbian AmericasClassical {Quechua}
52%
AntiquityClassical {Tamil}
52%
Middle AgesClassical {Armenian}
50%
Early ModernClassical {Mongolian}
44%
Middle AgesClassical Old {Georgian}
38%
Middle AgesClassical {Telugu}
38%
Middle AgesClassical {Kannada}
35%
AntiquityClassical {Sumerian}
35%
Middle AgesClassical {Malayalam}
33%
Middle AgesClassical {Tibetan}
31%
Middle AgesClassical Middle {Low} {German}
29%
Early ModernClassical {Azeri}
25%
Middle AgesClassical {Ethiopian}
21%
Middle AgesClassical {Odia}
19%
AntiquityClassical {Pali}
19%
AntiquityClassical {Syriac}
19%
Early ModernClassical {Manchu}
17%
Pre-Columbian AmericasClassical {Tupi}
13%
Pre-Columbian AmericasClassical {K'iche'}
12%
Middle AgesClassical {Chagatai}
10%
AntiquityClassical {Mandaic}
6%
Early ModernClassical {Newar}
6%

Score Distribution

Percentile by Number Answered

Percent of People with Each Score

Your Score History

You have not taken this quiz